000 00621nam a2200217 a 4500
001 46086
003 BD-RjUL
005 20211209054115.0
008 160730s1953 enka b 001 0 eng
035 _a(BD-RjUL)46204
040 _aDLC
_cOCP
_dOCL
_dm.c
_dSER
_dBD-RjUL
_beng
041 _aeng
082 _223
_a330.4
_bLEE 1953
100 1 _aLerner, Abba Ptachya,
_d1903-
_9140202
245 1 0 _aEssays in economic analysis /
_cAbba Ptachya Lerner
260 _aLondon :
_bMacmillan,
_c1953
300 _avii, . 394 p. :
_bil. ;
_c23 cm.
650 0 _aEconomics
_9140869
740 0 _aEconomic analysis
942 _2ddc
_cBK
999 _c46086
_d46086